Estatísticas para Quiz do Kuwait

Clique aqui para jogar o quiz

Estatísticas Gerais

  • Esse quiz foi jogado 335 vezes
  • A pontuação média é 12 de 16

Estatísticas das Respostas

DicaResposta% Correto
CapitalCidade do
{Kuwait}
97%
Língua oficialÁrabe
96%
Países fazendo fronteira
com o Kuwait
Arábia Saudita
94%
Golfo fazendo fronteira
com o Kuwait
Golfo {Pérsico}
93%
Países fazendo fronteira
com o Kuwait
Iraque
93%
Religião principalIslã
93%
Exportação principal do KuwaitPetróleo
88%
O Kuwait era uma colônia
deste país antes de 1960
Reino Unido
88%
Mulheres ganharam o direito de
fazer isso em 2005
Votar
82%
Moeda oficialDinar
66%
Pelo menos 960.000 cidadãos
deste país vivem no Kuwait
Índia
64%
Ditador responsável pela
invasão do Kuwait em 1990
Saddam Hussein
61%
Título do monarca kuaitianoEmir
59%
Kuwait foi o primeiro país a usar
jóqueis robôs neste esporte
Corrida de
{camelo}
55%
Pássaro nacionalFalcão
49%
Entre os países com > 1 milhão
de pessoas, o Kuwait tem a maior
taxa de ______, em 37,9%
Obesidade
34%

Distribuição das Pontuações

Percentil de Números Respondidos

Porcentagem de Pessoas com Cada Pontuação

Sua Pontuação Histórica

Você não jogou esse quiz